000 01310nam a2200337 a 4500
001 000111387
003 CHAP
005 20220329144209.0
008 150406s2015 mx a |sm |||||||spa d
010 _a107849
011 _a108821
040 _cCHAP
090 _aTesis
100 1 _aPitol Cruz, María Luisa
_9129238
245 1 0 _aAfidopiropen para el control (Diaphorina citri Kuwayama) (Hemiptera: Pysllidae) en el cultivo del limón persa (Citrus latifolia Tanaka) en Cuitláhuac, Veracruz
_h[En línea]
_cpor María Luisa Pistol.
260 _aChapingo, Méx. :
_bEl autor,
_c2015.
500 _aPara ver el contenido del material haga clic en la liga
502 _aTesis (M. C. en Protección Vegetal) -- UACH. Departamento de Enseñanza, Investigación y Servicio en Suelos
590 _aE11695DGD
_b10
_c20150603
_lUCH01
_h0904
590 _aE5652GLJ
_b05
_c20150406
_lUCH01
_h1356
590 _aE5652GLJ
_b05
_c20150406
_lUCH01
_h1758
590 _aE5652GLJ
_b05
_c20150414
_lUCH01
_h0959
650 1 4 _aControl de plagas.
_927595
650 1 4 _aInsecticidas
_xAplicación.
_958857
650 1 4 _aLimón persa
_zVeracruz.
_966879
650 1 4 _aLimón
_xPlagas.
_966844
856 _aFinding aid
_uhttp://10.13.5.2/tesis/sist111387.pdf
_zTeclea aquí
901 _aBK
942 _cTESIS
942 _n0
999 _c107849
_d107849